000 00497nam a2200193Ia 4500
003 OSt
005 20231005121858.0
008 210210b1966 xxu||||| |||| 00| 0 eng d
040 _cAL
041 _aEnglish
082 _a303.483 MORM
100 _aMORISON (Elting E).
_9136221
245 _aMen, machines and modern times.
260 _aCambridge.
_bM I T Press, Institute of Technology.,
_c1966
300 _aix,235
690 _aSocial Change
_9136222
906 _a029111
942 _2ddc
_cBK
999 _c80337
_d80337